| 000 | 00755cam a22002413a 4500 | ||
|---|---|---|---|
| 001 | 25303 | ||
| 003 | PGUSA | ||
| 005 | 20140828083538.0 | ||
| 008 | 080502s2008||||xxu|||||s|||||000 1 eng d | ||
| 040 |
_aPGUSA _beng |
||
| 042 | _adc | ||
| 050 | 4 | _aPS | |
| 100 | 1 |
_aVictor, Metta Victoria Fuller, _d1831-1885 |
|
| 245 | 1 | 4 |
_aThe Bad Boy At Home : _bAnd His Experiences In Trying To Become An Editor - 1885 _h[electronic resource] / _cMetta Victoria Fuller Victor |
| 260 |
_bProject Gutenberg, _c2008 |
||
| 506 | _aPublic domain in the USA. | ||
| 516 | _aElectronic text | ||
| 653 | _aAmerican wit and humor | ||
| 653 | _aNewspapers -- Fiction | ||
| 830 | 0 |
_aProject Gutenberg _v25303 |
|
| 856 | 4 | 0 | _uhttp://www.gutenberg.org/ebooks/25303 |
| 942 | _cEB | ||
| 999 |
_c254558 _d254558 |
||